Latin Declensions 1-3 Endings - Statistics

General Stats
  • This quiz has been taken 262 times
  • The average score is 32 of 50
Answer Stats
Hint Answer % Correct
1 Nom S a
100%
1 Abl S a
100%
1 Gen S ae
100%
1 Nom Pl ae
100%
1 Acc S am
100%
1 Gen Pl arum
94%
1 Acc Pl as
88%
2 Nom Pl i
88%
2 Gen Pl orum
88%
1 Dat S ae
82%
2 Gen S i
82%
1 Abl Pl is
82%
2 Abl Pl is
82%
2 Abl S o
82%
2 Acc Pl os
82%
2 Acc S um
82%
2 Nom S us
82%
2 Gen S N i
76%
1 Dat Pl is
76%
2 Dat Pl is
76%
2 Dat S o
76%
2 Nom Pl N a
71%
2 Abl Pl N is
71%
2 Acc Pl N a
65%
2 Abl S N o
65%
2 Gen Pl N orum
65%
2 Nom S N um
65%
2 Dat Pl N is
59%
2 Dat S N o
59%
2 Acc S N um
59%
3 Abl S e
53%
3 Acc S em
53%
3 Dat S i
53%
3 Abl Pl ibus
53%
3 Nom Pl es
47%
3 Acc Pl es
47%
3 Dat Pl ibus
47%
3 Gen S is
47%
3 Dat Pl N ibus
41%
3 Abl Pl N ibus
41%
3 Gen Pl um
41%
3 Nom S X
41%
3 Abl S N e
35%
3 Dat S N i
35%
3 Gen S N is
35%
3 Gen Pl N um
35%
3 Nom Pl N a
29%
3 Acc Pl N a
29%
3 Nom S N X
24%
3 Acc S N X
24%
No matching quizzes found
Score Distribution
Percent of People with Each Score
Percentile by Number Answered
Your Score History
You have not taken this quiz